000 01667cam a22002653a 4500
001 7982
003 PGUSA
005 20140828083151.0
008 050401s2005||||xxu|||||s|||||000 p eng d
040 _aPGUSA
_beng
042 _adc
050 4 _aPR
100 1 _aHudson, W. H.
_q(William Henry),
_d1841-1922
245 1 2 _aA Traveller in Little Things
_h[electronic resource] /
_cW. H. Hudson
260 _bProject Gutenberg,
_c2005
505 0 _aHow I found my title -- The old man's delusion -- As a tree falls -- Blood, a story of two brothers -- A story of long descent -- A second story of two brothers -- A third story of two brothers -- The two white houses, a memory -- Dandy, a story of a dog -- The samphire getherer -- A Surrey village -- A Wiltshire village -- Her own village -- Apple blossoms and a lost village -- The vanishing curtsey -- Little girls I have met -- Millicent and another -- Freckles -- On Cromer beach -- Dimples -- Wild flowers and little girls -- Little girl lost -- A spray of Southernwood -- In Porchester churchyard -- Homeless -- The story of a skull -- A story of a walnut -- A story of a jackdaw -- A wonderful story of a mackerel -- Strangers yet -- The return of the chiff-chaff -- A wasp at table -- Wasps and men -- In Chitterne churchyard -- A haunter of churchyards -- The dead and the living -- A story of three poems.
506 _aPublic domain in the USA.
516 _aElectronic text
653 _aAuthors, English -- 19th century
653 _aEnglish essays
653 _aNatural history -- England
830 0 _aProject Gutenberg
_v7982
856 4 0 _uhttp://www.gutenberg.org/ebooks/7982
942 _cEB
999 _c237282
_d237282